000 00665nam a2200217 i 4500
001 57829
003 ES-MaACL
005 20230906163647.0
007 t|
008 031020s1973 sp ||||1| spa d
100 1 _aDreyfus, Bernard.
_945618
245 1 3 _aLa sangre /
_cB. Dreyfus ; traducción, Francisco Martínez Orozco.
260 _aBarcelona :
_bEspax,
_c[1973]
300 _a424 p., 2 lám. ;
_c26 cm.
490 1 _aPatología médica
650 0 4 _aSangre-
_xEnfermedades.
_916982
700 0 _aMartínez-Orozco Llorente, Francisco.
_978289
830 0 _aPatología médica
_9182547
852 _aES-MaACL
_jC-51862
_bR.85388
999 _c57829
_d57829